000 00605cab a2200205 4500
001 WB3240-59
008 090401t1996 xxu||||| |||| 00| 0 eng d
035 _a(Sirsi) u34222
041 _aeng
245 _aPlan to get farmers out of beef
260 _c1996
350 _a0
490 _aGuardian
_v25 October 1996, 6(1)
520 _aGovernment is preparing contingency plans to retrain or help set up in alternative employment, farmers who have been worse hit by the beef crisis.
650 _aBEEF INDUSTRY
650 _aBSE
690 _aRURAL PRACTICE
942 _n0
948 _c04/03/1997
999 _c22695
_d22695